000 00289nam a2200145Ia 4500
100 _aNicipolitidis/ P
650 _aWireless
942 _cBK
245 _aWireless Networks
260 _bWiley student ed.
_c2003
082 _bNIC
300 _a405
546 _aENGLISH
999 _c20901
_d20901